• 首页
  • 本馆介绍
  • 公告通知
  • 最新文献
  • 馆藏检索
  • 电子资源
  • 读者导购
  • 参考咨询
  • 我的图书馆
  • 登录
  • 详细信息显示
  • 放入我的书架
  • 预约/预借图书
  • 作者相关作品
  • 分类相关作品
  • 丛书相关作品
  • 出版社相关作品

书目信息

  • 表格格式
  • 工作单格式
  • 卡片格式
题名:
大学英语教学改革与创新实践
    
 
作者: 刘政元 著
分册:  
出版信息: 长春   吉林出版集团股份有限公司  2019.06
页数: 156页
开本: 24cm
丛书名:
单 册:
中图分类: H319.1
科图分类:
主题词: 英语--ying yu--教学改革--研究--高等学校
电子资源:
ISBN: 978-7-5581-7438-4
000 01010nam0 2200241 450
001 CAL 0120217150915
005 20230217093112.0
010    @a978-7-5581-7438-4@dCNY50.00
100    @a20210414d2019 em y0chiy0120 ea
101 0  @achi
102    @aCN@b220000
105    @ay a 000yy
106    @ar
200 1  @a大学英语教学改革与创新实践@Ada xue ying yu jiao xue gai ge yu chuang xin shi jian@f刘政元著
210    @a长春@c吉林出版集团股份有限公司@d2019.06
215    @a156页@d24cm
320    @a有书目 (第155-156页)
330    @a本书分八章, 内容包括: 大学英语教学理论与教学改革, 大学英语教学改革的目的和必要性, 大学英语教学模式改革与创新, 大学英语词汇、语法教学改革与创新, 大学英语听力、口语教学改革与创新, 大学英语阅读、写作、翻译教学改革与创新, 大学英语教学组织和实施改革与创新, 大学英语教学文化的改革与创新。
606 0  @a英语@Aying yu@x教学改革@x研究@x高等学校
690    @aH319.1@v5
701  0 @a刘政元@Aliu zheng yuan@4著
801  0 @aCN@bBJXHZP@c20230228
905    @b1381570-3@dH319.1@e1458@f4
    
    大学英语教学改革与创新实践/刘政元著.-长春:吉林出版集团股份有限公司,2019.06
    156页;24cm
    
    
    ISBN 978-7-5581-7438-4:CNY50.00
    本书分八章, 内容包括: 大学英语教学理论与教学改革, 大学英语教学改革的目的和必要性, 大学英语教学模式改革与创新, 大学英语词汇、语法教学改革与创新, 大学英语听力、口语教学改革与创新, 大学英语阅读、写作、翻译教学改革与创新, 大学英语教学组织和实施改革与创新, 大学英语教学文化的改革与创新。
●
相关链接 在E读中查询图书 在五车中查询图书 在当当中查询图书 在豆瓣中查询图书


正题名:大学英语教学改革与创新实践     索取号:H319.1/1458         预约/预借

序号 登录号 条形码 馆藏地/架位号 状态 备注
1 1381570   213815709   第二样本阅览室/ [索取号:H319.1/1458] 在馆    
2 1381571   213815718   第四借阅区/ [索取号:H319.1/1458] 在馆    
3 1381572   213815727   第四借阅区/ [索取号:H319.1/1458] 在馆    
4 1381573   213815736   第四借阅区/ [索取号:H319.1/1458] 在馆    
唐山师范学院图书馆 欢迎您!
大连网信软件有限公司© 版权所有